Schauspieler, die mit James Wan zusammengearbeitet haben - Statistiken

Allgemein
  • Dieses Quiz wurde 5 mal gespielt
  • Das Durchschnittsergebnis liegt bei 12 aus 46
Antwortstatistiken
Film Schauspieler/in % Korrekt
Fast & Furious 7 Paul Walker
50%
Saw Tobin Bell
50%
Fast & Furious 7 Vin Diesel
50%
Death Sentence – Todesurteil Aisha Tyler
25%
Aquaman Amber Heard
25%
Malignant Annabelle Wallis
25%
Insidious, Insidious: Chapter 2 Barbara Hershey
25%
Conjuring 2 Bonnie Aarons
25%
Saw Cary Elwes
25%
Saw Danny Glover
25%
Saw Dina Meyer
25%
Aquaman Dolph Lundgren
25%
Dead Silence Donnie Wahlberg
25%
Fast & Furious 7 Dwayne Johnson
25%
Conjuring 2 Franka Potente
25%
Death Sentence – Todesurteil Garrett Hedlund
25%
Aquaman Jason Momoa
25%
Fast & Furious 7 Jason Statham
25%
Conjuring 2 Javier Botet
25%
Death Sentence – Todesurteil John Goodman
25%
Fast & Furious 7 Jordana Brewster
25%
Saw Ken Leung
25%
Death Sentence – Todesurteil Kevin Bacon
25%
Fast & Furious 7 Kurt Russell
25%
Saw, Dead Silence, Death Sentence – Todesurteil, Insidious, Insidious: Chapter 2, Aquaman Leigh Whannell
25%
Insidious, Insidious: Chapter 2 Lin Shaye
25%
Fast & Furious 7 Ludacris
25%
Conjuring – Die Heimsuchung Mackenzie Foy
25%
Malignant Mckenna Grace
25%
Fast & Furious 7 Michelle Rodríguez
25%
Fast & Furious 7 Nathalie Emmanuel
25%
Aquaman Nicole Kidman
25%
Insidious, Conjuring – Die Heimsuchung, Insidious: Chapter 2, Conjuring 2, Aquaman Patrick Wilson
25%
Aquaman Randall Park
25%
Insidious, Insidious: Chapter 2 Rose Byrne
25%
Dead Silence Ryan Kwanten
25%
Saw Shawnee Smith
25%
Aquaman Temuera Morrison
25%
Fast & Furious 7 Tony Jaa
25%
Fast & Furious 7 Tyrese Gibson
25%
Insidious, Insidious: Chapter 2 Ty Simpkins
25%
Conjuring – Die Heimsuchung, Conjuring 2 Vera Farmiga
25%
Aquaman Willem Dafoe
25%
Fast & Furious 7, Aquaman Djimon Hounsou
0%
Aquaman John Rhys-Davies
0%
Aquaman Julie Andrews
0%
Keine übereinstimmenden Quizze gefunden
Verteilung der Resultate
Anzahl Personen mit jedem Resultat
Perzentil nach korrekt beantworteten Fragen
Ihre Resultats-Entwicklung
Sie haben dieses Quiz noch nicht gespielt